[Event "Copa Mercosur"]
[Site "Villa Martelli"]
[Date "2006.07.25"]
[Round "2"]
[White "COMP ZAP!Chess"]
[Black "Stamenkovic, Dragan"]
[Result "1-0"]
[WhiteElo "2600"]
[BlackElo "2393"]
[Annotator "Roberto G Alvarez"]
[PlyCount "57"]
[EventDate "2006.07.24"]

1. d4 d5 2. Bg5 $5 {La "Neo" Trompowsky: el alfil va a g5 sin que las negras
hayan jugado su caballo a f6.} 2... c6 3. Nf3 h6 4. Bh4 Qb6 {#} 5. b3 (5. Qc1 {
es la favorita del ingles Julian Hodgson, quizas el maximo especialista en la
variante.} 5... g5 (5... Bf5 6. c4 e6 7. Nc3 Be7 8. Bg3 Nf6 9. e3 (9. c5 Qd8
10. e3 O-O 11. h3 Nbd7 12. b4 Ne4 13. Nxe4 Bxe4 14. Nd2 Bg6 15. Qc3 Bh4 16. Bd6
Re8 17. Bd3 Bxd3 18. Qxd3 e5 19. O-O a6 20. a4 e4 21. Qe2 Re6 $11 {
1-0 Hodgson,J-Turner,M/Kilkenny IRL 1999 (38)}) 9... Nbd7 (9... O-O 10. Be2 Ne4
11. Nxe4 Bxe4 12. O-O Nd7 13. Nd2 Bg6 14. c5 Qd8 15. b4 a6 16. Nb3 Bf6 17. Na5
Ra7 18. Bd6 Be7 19. Bxe7 Qxe7 20. Qb2 e5 21. dxe5 Nxe5 22. Rad1 Nd7 23. Rd4 Nf6
24. Rc1 Ne4 25. Bd3 f5 $36 {
0-1 Hodgson,J-Vescovi,G/Mermaid Beach 1998/CBM 62 ext (43)}) 10. c5 Qd8 11. Be2
Ne4 12. Nxe4 Bxe4 13. b4 Bxf3 14. gxf3 Bh4 15. f4 Bxg3 16. hxg3 b6 17. g4 bxc5
18. bxc5 Qa5+ 19. Qd2 Qxd2+ 20. Kxd2 Ke7 21. Rhb1 Rhb8 22. Rb3 Kd8 23. Ba6 Kc7
24. Rab1 $16 {1-0 Hodgson,J-Abdulla,A/Scarborough 1999/CBM 71 ext (37)}) (5...
Bg4 6. Nbd2 Nd7 7. e3 e6 8. c4 Be7 9. Bg3 Ngf6 10. Bd3 Bxf3 11. Nxf3 Qa5+ 12.
Nd2 Nh5 13. a3 Nxg3 14. hxg3 dxc4 15. Qxc4 O-O 16. b4 Qd5 17. Be4 Qd6 18. Nb3
e5 19. Rd1 Bf6 $2 (19... Rad8 20. d5 $140 Nf6) 20. d5 Nb6 21. Qc5 Rad8 22. Qxd6
Rxd6 23. dxc6 Rxd1+ 24. Kxd1 bxc6 25. Na5 $16 {
1-0 Hodgson,J-Gurevich,M/Delmenhorst GER 2000/The Week in Chess 276 (48)}) 6.
Bg3 g4 7. Ne5 Qxd4 8. c4 Bg7 9. e3 Qc5 10. Nd2 Nd7 11. Nd3 Qb6 12. a4 Nc5 13.
cxd5 Nxd3+ 14. Bxd3 cxd5 (14... Bxb2 15. a5 Qb4 16. Qb1 Nf6 17. Ra4 Qxa4 18.
Qxb2 Qxa5 19. d6 Bf5 20. e4 Bxe4 21. Bxe4 Nxe4 22. O-O (22. Qxh8+ Kd7 23. Qd4
Qxd2+ 24. Qxd2 Nxd2 25. Kxd2 exd6 $15) 22... Nxg3 23. Qxh8+ Kd7 24. Qxa8 Ne2+
25. Kh1 Qxd2 26. dxe7 $16 {
1-0 Hodgson,J-Lalic,B/Scarborough 1999/CBM 71 ext (70)}) 15. Bb5+ Kf8 16. O-O
Bf5 $1 $146 (16... a6 17. e4 $1 Be6 (17... axb5 $2 18. axb5 Bxb2 $8 19. Qxb2
Rxa1 20. Rxa1 $16) 18. exd5 Bxd5 19. Bc4 {
1/2-1/2 Hodgson,J-Krasenkow,M/Germany 1998/GER-chT (19)}) 17. Bc7 (17. e4 $5
Bxe4 (17... dxe4 $143 18. Nc4 Qg6 (18... Qe6 $2 19. Rd1 Nf6 20. Ne3 Rc8 $140
21. Qc7 $3 $16) 19. Rd1 h5 20. Qd2 Bf6 $17)) 17... Qg6 18. Qc5 Nf6 19. a5 a6
20. Ba4 Ne8 21. Bf4 $6 (21. Bxe8 $142 Rxe8 22. Qxd5 Bxb2 23. Ra2 $1 Be6 24.
Qxb7 Bf6 $15) 21... Bxb2 22. Rab1 $2 (22. Ra2 Bg7 23. Qxd5 Qe6 24. Qxe6 Bxe6
$15) 22... Rc8 23. Qxd5 Bxb1 24. Qxb7 Rc1 $6 (24... Bf5 25. Qxb2 Nf6 $19) 25.
Rxc1 Bxc1 26. Nxb1 Kg7 27. Be5+ Nf6 28. Qxe7 Bb2 $1 29. Bc2 (29. Bxb2 Qxb1+ $19
) (29. Nd2 Bxe5 30. Qxe5 Rc8 $19) 29... Rc8 $1 (29... Qxc2 $4 30. Qxf6+ Kf8 31.
Qd8#) 30. Nc3 (30. Bxb2 Rxc2 $19) 30... Qxc2 31. Qxf6+ Kf8 32. Qxh6+ (32. Qh8+
Ke7 33. Qf6+ Ke8 34. Qh8+ Kd7 $19) 32... Ke8 33. h4 Bxc3 34. Bf4 Qg6 {
0-1 Hodgson,J-Godena,M/Mondariz 2000/CBM 79_02/[Gershon] (34)}) 5... Bf5 6. e3
e6 (6... Nd7 7. Bd3 Bxd3 8. Qxd3 Ngf6 9. O-O e6 10. Nbd2 Be7 11. c4 O-O 12. c5
Qd8 13. b4 Nh5 14. Bg3 Nxg3 15. hxg3 Qc7 16. Qc3 Bf6 17. Rab1 b5 18. a4 a6 19.
Ra1 e5 20. Ra3 exd4 21. exd4 Rfe8 22. axb5 $2 axb5 23. Rfa1 Rxa3 24. Qxa3 Nf8
$15 {
1/2-1/2 Lobron,E-Breutigam,M/Wattenscheid GER 2000/The Week in Chess 280 (55)})
(6... Qa5+ 7. Qd2 Qxd2+ 8. Kxd2 g5 9. Bg3 Nf6 10. Bd3 Ne4+ 11. Bxe4 Bxe4 12.
Ne1 Nd7 13. f3 Bh7 14. Nd3 e6 15. Nc3 Rg8 16. e4 f6 $11 {
0-1 Thorfinnsson,B-Markowski,T/Reykjavik ISL 2000/The Week in Chess 284 (49)})
7. Bd3 Bxd3 8. Qxd3 Nd7 ({Parece mejor} 8... Be7 $5 {ya que de todas maneras
el alfil debera jugar alli, mientras que el caballo puede quedarse en b8 de
momento.} 9. Bxe7 Nxe7 10. c4 O-O 11. Nc3 (11. c5 Qc7 12. b4 a6 13. Nc3 Nd7 $11
) 11... Qa6 $5) 9. O-O Be7 10. Bxe7 Nxe7 11. c4 O-O 12. Nc3 f5 {Esta jugada
compromete algo la posicion, en especial dado que la casilla g6 esta
debilitada por el avance del peon a h6.} (12... Rfd8 13. Rfd1 Qa6 (13... Nf6
14. Rac1 Ng6 15. h3 Qb4 16. Qb1 Qe7 $11 {Adams,M-Dautov,R/Pula 1997/CBM 57})
14. Rac1 $5 (14. Rab1 $6 b6 15. Qf1 Rac8 16. Rd2 $6 Nf6 17. Ne5 $6 dxc4 18.
Nxc4 $6 Ned5 $15 {0-1 Morozevich,A-Kramnik,V/Astana 2001/CBM 84/[Finkel,A] (27)
}) 14... Nf5 (14... Rac8 15. e4 Nf6 16. exd5 exd5 17. Ne5 dxc4 18. bxc4 Nd7 19.
Ng4 Nf8 20. Qg3 Qxc4 21. Nd5 Qe2 22. Re1 cxd5 23. Rcd1 Qa6 24. Rxe7 Ng6 25.
Ree1 Qxa2 26. h4 h5 27. Ne3 Qa6 28. Ra1 Qb6 29. Rab1 Qxd4 30. Rxb7 Qe4 31. Rxa7
d4 32. Ra4 Qxh4 33. Qf3 Qg5 34. Ra7 Qf4 35. Qxf4 Nxf4 36. Nf5 Rc5 37. Ne7+ Kf8
38. g3 d3 {0-1 Delgado,N-Hernandez,G/Buenos Aires 2005/CBM 109 (38)}) 15. Qb1
Ne7 16. e4 dxe4 17. Nxe4 Qa5 18. c5 Qc7 19. Nd6 b6 20. b4 a5 21. b5 Rab8 22.
Ne5 Nxe5 23. dxe5 bxc5 24. Rxc5 Qa7 25. Rdc1 Rd7 26. a4 cxb5 27. axb5 a4 28.
Qa2 Nf5 29. R5c4 Nxd6 30. exd6 Rxd6 31. Rxa4 Qd7 32. Qa1 Rxb5 33. Ra8+ Kh7 34.
Ra7 Rb7 35. Rxb7 Qxb7 36. h4 Qd5 37. Qb1+ g6 38. Rc7 Kg7 39. g3 e5 40. Qb7 Qd1+
41. Kg2 Rf6 42. Qb2 Qd5+ 43. Kg1 Ra6 44. Rc1 Ra2 45. Qc3 Re2 46. Kf1 Rd2 47.
Kg1 Qd4 48. Qxd4 exd4 49. Rc6 Ra2 50. Rd6 Ra4 51. h5 gxh5 52. Kg2 f6 53. Kf3
Kg6 54. Rd5 Rb4 55. Kg2 Ra4 56. Kf3 f5 57. Kf4 d3+ 58. Ke3 Kg5 59. Rxd3 h4 60.
gxh4+ Rxh4 61. Rd8 Rh3+ 62. f3 Rh2 63. Rg8+ Kf6 64. Kf4 Rh4+ 65. Kg3 Ra4 66.
Rf8+ Kg6 67. Rg8+ Kf7 68. Rb8 h5 69. f4 h4+ {
1/2-1/2 Hodgson,J-Sergejev,R/Pula 1997/CBM 057 ext (69)}) (12... a5 13. Rfd1
Rfd8 14. h3 Qa6 15. Rac1 Nf6 16. Ne5 Nd7 17. Nxd7 Rxd7 18. Na4 Rdd8 19. a3 Nf5
20. Nc5 Qb6 21. cxd5 cxd5 22. Rc2 Nd6 23. Rdc1 Rac8 24. Na4 Rxc2 25. Rxc2 Qb5
26. Qxb5 Nxb5 27. Rc5 Nxa3 28. Rxa5 Rc8 29. Ra7 Rc1+ 30. Kh2 b5 31. Nc5 Rc2 32.
Rxa3 Rxf2 33. Kg3 Rc2 34. Ra5 g5 35. Rxb5 h5 36. Rb7 Rc3 37. Kf3 e5 38. Nd7
exd4 39. Nf6+ Kf8 40. Nxd5 Rd3 41. Ke2 {
1-0 Dreev,A-Riazantsev,A/Moscow 2005/CBM 108 ext (41)}) (12... Rad8 13. Rfd1
dxc4 14. bxc4 e5 15. a4 $6 (15. Rab1 $142 Qa6 16. d5 Nc5 17. Qc2 Ng6 $14 (17...
cxd5 18. cxd5 $16) (17... Qxc4 18. Nxe5 $16)) 15... exd4 16. exd4 Ng6 (16...
Nc5 17. dxc5 Rxd3 18. cxb6 Rxc3 19. Rd7 $16) 17. Ne4 Qa6 (17... Nde5 18. Nxe5
Nxe5 $11) 18. Qb3 b6 19. a5 $5 bxa5 20. c5 Nf4 21. Nd6 Rb8 22. Qa3 a4 $6 (22...
Qe2 $142 23. Re1 Qc2 $13) 23. Re1 $1 (23. Qxa4 $4 Qxa4 24. Rxa4 Ne2+ 25. Kf1
Nc3) 23... Nd3 24. Re3 $1 (24. Re7 $2 Nf6 25. Ne5 (25. Rxf7 Rxf7 26. Nxf7 Kxf7
27. Qxd3 Qxd3 28. Ne5+ Ke6 29. Nxd3 Kd5 $17) 25... Nxe5 26. dxe5 Nd5 $15) 24...
Nb4 25. Rc3 Nf6 26. Rc4 Nfd5 (26... Qa5 27. Ne5 $16) 27. Ne5 $16 {
1-0 Agdestein,S-Olafsson,H/Reykjavik 2000/CBM 79/[Gershon] (44)}) (12... Qa6
13. a4 (13. Rfd1 Rac8 (13... Nb6 14. Rdc1 dxc4 15. Qf1 Nd7 16. bxc4 c5 17. d5
Rad8 18. Rab1 $14 {Hodgson,J-Adianto,U/Amsterdam 1996/CBM 55}) (13... Rfd8 14.
Rab1 $6 b6 15. e4 $5 (15. Qf1 Rac8 16. Rd2 $6 Nf6 17. cxd5 (17. Ne5 $6 dxc4 18.
bxc4 $5 (18. Nxc4 $6 Ned5 $15 19. Nxd5 cxd5 20. Ne5 Qxf1+ 21. Rxf1 Ne4 $15)
18... c5) 17... Qxf1+ 18. Kxf1 Nexd5 19. Nxd5 (19. Rc2 Nb4 20. Rd2 c5 $15)
19... cxd5 20. Rbb2 Rc1+ (20... Ne4 21. Rdc2 $11) 21. Ne1 Rdc8 22. Rbc2 $11)
15... dxe4 16. Qxe4 Nf6 17. Qe2 Nf5 $11) 14. Rac1 Rfd8 15. Qb1 (15. cxd5 Qxd3
16. Rxd3 cxd5 17. Rdd1 Nf5 $11 {Gerber,R-Tukmakov,V/Geneve 1999/CBM 68}) 15...
b6 16. e4 Nf6 17. a4 Ne8 18. Qa2 Nd6 19. Qe2 dxc4 20. e5 Nb7 21. Ne4 Ng6 22.
bxc4 c5 23. d5 Rxd5 24. Rxd5 exd5 25. e6 dxe4 26. exf7+ Kh8 27. Qxe4 Nf8 28.
Ne5 Nd6 29. Qd3 Rd8 30. Nc6 Rd7 31. Nb8 Qxa4 32. Nxd7 Qxd7 33. Rd1 Qxf7 34.
Qxd6 Ne6 35. Qd7 Qg6 36. Re1 Nd4 37. Qd5 Kh7 38. h4 Qf5 39. Qxf5+ Nxf5 40. Ra1
Kg6 41. Rxa7 Nd6 42. Kf1 Nxc4 43. Ke2 Kf6 44. Kd3 Nd6 45. Ra6 Nc8 46. Kc4 Ke5
47. Kb5 Kd5 48. Ra1 Nd6+ 49. Kxb6 Nf5 50. Rd1+ Nd4 51. h5 c4 52. Kc7 c3 53. Kd7
Ke4 54. Ke7 Ne2 55. Rd8 c2 56. Rc8 c1=R 57. Rxc1 Nxc1 58. Kf7 Kf5 59. Kxg7 Kg5
60. f4+ Kxh5 61. g4+ Kxg4 62. Kxh6 Kxf4 {
1/2-1/2 Leon Hoyos,M-Karjakin,S/Cuernavaca 2006 (62)}) 13... Rfd8 14. Rfd1 Rac8
15. a5 c5 16. Nb5 Nc6 17. Qc3 cxd4 18. exd4 Nf6 19. Qe1 Ne4 $15 {
Rozentalis,E-Sulypa,A/Bad Wiessee 1999/EXT 2001}) 13. Rfd1 $5 $146 (13. Rfc1
Qa6 14. a4 Nc8 15. Ne2 g5 16. h4 g4 17. Ne1 Nd6 18. Nf4 Rae8 19. a5 dxc4 20.
bxc4 Ne4 21. c5 e5 22. Qb3+ Rf7 23. dxe5 Nxe5 24. Ned3 Nxd3 25. Nxd3 g3 26. Rc2
Nxc5 27. Nf4 Qb5 28. Qa2 Qb3 29. Rd1 Ref8 30. Rd8 Ne6 31. Nxe6 Qxe6 32. Rd6 Qe5
33. Rxh6 Qa1+ {1-0 Berg,K-Glud,J/Aalborg 2006/The Week in Chess 597 (33)})
13... Rad8 (13... Qa6 $5) 14. Qc2 $1 {La dama se retira de la columna -d,
potencialmente peligrosa cuando las negras han ubicado en ella una torre.}
14... g6 $6 {En este esquema, el caballo e7 esta mal ubicado, y las negras
desearian tenerlo en f6, controlando e4. De ahi que Stamenkovic busque ubicar
su rey en g7 y maniobrar con el caballo hasta f6 via g8. Sin embargo, esto
sera convincentemente refutado por Zap!Chess. Ademas, las negras tienen el
problema de que su dama en b6 no participa del juego.} (14... Kh8 {
tiene el inconveniente de la debilidad en g6:} 15. Ne2 Ng8 16. Nf4 Rfe8 17. g4
$1 fxg4 18. Ng6+ Kh7 19. Nf8+ Kh8 20. Qh7#) ({Tambien merece atencion} 14... g5
{con la misma idea de la partida, aunque controlando mas espacio y la casilla
f4.}) (14... Qa6 $5) 15. h4 Kg7 16. Ne2 Ng8 17. Nf4 {La maniobra del caballo
es natural, pues apunta al punto debil e6, y tambien, mas sutilmente, a g6.}
17... Rfe8 {#} 18. g4 $1 Ngf6 (18... fxg4 $2 19. Qxg6+ $18) 19. g5 Ne4 (19...
hxg5 20. Nxg5) 20. gxh6+ Kxh6 (20... Kh7 21. Ng5+ Nxg5 22. hxg5) 21. Kh2 {
Despejando la columna -g para las torres. La debilidad en g6 se hara sentir.}
21... Re7 22. Rg1 Rg8 23. Rg2 Ndf6 24. Ne5 g5 25. hxg5+ Nxg5 {#} 26. Rh1 $1 {
Fuerte jugada que decide la lucha.} 26... Nfh7 27. Kg1+ Kg7 28. Nxe6+ $1 {
El sacrificio de caballo permite a la dama blanca rematar el juego. Zap!Chess
ya vio mate hace unas jugadas.} 28... Rxe6 29. Qxf5 {
con la terrible amenaza de Rxh7. Las negras se rindieron.} 1-0

[Event "Copa Mercosur"]
[Site "Villa Martelli"]
[Date "2006.07.25"]
[Round "2"]
[White "Fier, Alexandr"]
[Black "Valerga, Diego"]
[Result "1-0"]
[WhiteElo "2459"]
[BlackElo "2470"]
[PlyCount "73"]
[EventDate "2006.07.24"]

1. e4 {0} 1... c6 {0} 2. d4 {0} 2... d5 3. e5 Bf5 4. Nc3 e6 5. g4 Bg6 6. Nge2
c5 7. h4 h5 8. Nf4 Bh7 9. Nxh5 cxd4 10. Nb5 Nc6 11. Nxd4 Nge7 12. c3 a6 13. Bg5
Qb6 14. Nxc6 Nxc6 15. Qd2 d4 16. Bg2 d3 17. Qd1 Be7 18. Nxg7+ Kd7 19. Nh5 Bxg5
20. hxg5 Bg6 21. Qb3 Qxb3 22. axb3 Nxe5 23. Nf6+ Kc7 24. Kd2 Nc6 25. b4 a5 26.
Bxc6 Kxc6 27. Rxh8 Rxh8 28. bxa5 Kb5 29. Nh5 e5 30. Re1 e4 31. b4 Kc4 32. Nf4
Re8 33. Re3 Re5 34. Nxg6 fxg6 35. f3 exf3 36. Rxe5 f2 37. Re4+ 1-0

[Event "Copa Mercosur"]
[Site "Villa Martelli"]
[Date "2006.07.25"]
[Round "2"]
[White "Hungaski, Robert"]
[Black "Liascovich, Lucas"]
[Result "0-1"]
[WhiteElo "2412"]
[BlackElo "2395"]
[PlyCount "110"]
[EventDate "2006.07.24"]

1. e4 c5 2. Nf3 Nc6 3. d4 cxd4 4. Nxd4 e5 5. Nb5 d6 6. c4 Be7 7. N1c3 a6 8. Na3
f5 9. exf5 Bxf5 10. Bd3 Be6 11. O-O Nf6 12. Nc2 O-O 13. Bg5 Qd7 14. Bxf6 gxf6
15. Ne3 f5 16. Ned5 Rae8 17. f4 Bd8 18. Qh5 Nd4 19. Rad1 b5 20. Rfe1 Qg7 21.
Kh1 Bxd5 22. Nxd5 Re6 23. Qh3 Rh6 24. Qe3 Bh4 25. Rf1 Kh8 26. Rd2 Rg8 27. h3
Rh5 28. b3 Bg3 29. fxe5 dxe5 30. Rc1 f4 31. Qe4 f3 32. cxb5 Qh6 33. Qxh7+ Qxh7
34. Bxh7 Rxh7 35. Nf6 fxg2+ 36. Kxg2 Bf4+ 37. Nxg8 Bxd2 38. Rc8 Rg7+ 39. Kf2
Rxg8 40. Rxg8+ Kxg8 41. bxa6 Nc6 42. Kf3 Kf7 43. Ke4 Ke6 44. h4 Bb4 45. h5 Bf8
46. a4 Kd7 47. a7 Nxa7 48. Kxe5 Nc6+ 49. Kf6 Ke8 50. Kg6 Bb4 51. Kf6 Na5 52.
Kg7 Bc3+ 53. Kg8 Nc6 54. h6 Ne7+ 55. Kh7 Kf7 0-1

[Event "Copa Mercosur"]
[Site "Villa Martelli"]
[Date "2006.07.25"]
[Round "2"]
[White "Needleman, Gaston"]
[Black "Bachman, Axel"]
[Result "1-0"]
[WhiteElo "2435"]
[BlackElo "2448"]
[PlyCount "63"]
[EventDate "2006.07.24"]

1. d4 {0} 1... c5 2. Nf3 cxd4 3. Nxd4 Nc6 4. c4 Nf6 5. Nc3 e5 6. Nc2 Bc5 7. g3
d6 8. Bg2 Be6 9. Nd5 Bxd5 10. cxd5 Nd4 11. Nxd4 Bxd4 12. O-O O-O 13. Kh1 Nd7
14. e3 Bc5 15. e4 Bd4 16. f4 Nc5 17. f5 f6 18. g4 Rf7 19. h4 Rc8 20. Rb1 Qe8
21. Qe2 Rfc7 22. g5 Kh8 23. Bf3 Na4 24. Bh5 Qe7 25. Bg6 h6 26. gxh6 Kg8 27.
hxg7 Qxg7 28. Qh5 Nc5 29. Bh6 Nxe4 30. Rg1 Bxg1 31. Rxg1 Rc1 32. Bf7+ 1-0

[Event "Copa Mercosur"]
[Site "Villa Martelli"]
[Date "2006.07.25"]
[Round "2"]
[White "Prasca Sosa, Raphael"]
[Black "Panno, Oscar"]
[Result "1-0"]
[WhiteElo "2442"]
[BlackElo "2459"]
[PlyCount "65"]
[EventDate "2006.07.24"]

1. e4 {0} 1... d6 {0} 2. d4 {0} 2... Nf6 3. Nc3 g6 4. h3 c6 5. Be3 b5 6. e5 b4
7. exf6 bxc3 8. fxe7 Bxe7 9. bxc3 O-O 10. Bd3 Nd7 11. Nf3 Nb6 12. O-O Be6 13.
Re1 Rb8 14. Qc1 Qd7 15. Bg5 f6 16. Qe3 Kf7 17. Bh4 Rbe8 18. Qh6 Rh8 19. Re2 Bf8
20. Qf4 Nd5 21. Qd2 Kg7 22. c4 Nc7 23. d5 cxd5 24. Bxf6+ Kg8 25. Bxh8 Kxh8 26.
cxd5 Bxd5 27. Rxe8 Qxe8 28. Re1 Qd7 29. Be4 Bg8 30. Qd4+ Bg7 31. Qxa7 d5 32.
Bd3 Qc6 33. Qb8 1-0

[Event "Copa Mercosur"]
[Site "Villa Martelli"]
[Date "2006.07.25"]
[Round "2"]
[White "Rojas Keim, Luis"]
[Black "Slipak, Sergio"]
[Result "1-0"]
[WhiteElo "2464"]
[BlackElo "2463"]
[PlyCount "93"]
[EventDate "2006.07.24"]

1. e4 {0} 1... c6 2. d4 d5 3. Nd2 dxe4 4. Nxe4 Bf5 5. Ng3 Bg6 6. h4 h6 7. Nf3
Nd7 8. h5 Bh7 9. Bd3 Bxd3 10. Qxd3 e6 11. Bf4 Ngf6 12. O-O-O Nd5 13. Bd2 Nb4
14. Bxb4 Bxb4 15. Kb1 Qa5 16. c4 O-O-O 17. Qc2 Bd6 18. Ne4 Qc7 19. Nxd6+ Qxd6
20. d5 Kb8 21. dxe6 Qxe6 22. Rhe1 Qg4 23. Rd4 Qxh5 24. Red1 Kc8 25. Qd2 Qf5+
26. Ka1 Qe6 27. Rd6 Qe7 28. Re1 Qf8 29. Qd4 Nf6 30. c5 Nd5 31. Ne5 Rxd6 32.
cxd6 Qxd6 33. Nxf7 Qb4 34. Qe5 Rf8 35. Nd6+ Kd8 36. Nxb7+ Kd7 37. Rc1 Qe7 38.
Nc5+ Ke8 39. Qh5+ Rf7 40. Nd3 Nb4 41. Nc5 Kf8 42. a3 Nd5 43. Nd3 Qf6 44. Ne5
Rb7 45. Rxc6 Qxf2 46. Rc8+ Ke7 47. Qe8+ 1-0

[Event "Copa Mercosur"]
[Site "Villa Martelli"]
[Date "2006.07.26"]
[Round "3"]
[White "Bachman, Axel"]
[Black "Hungaski, Robert"]
[Result "1-0"]
[WhiteElo "2448"]
[BlackElo "2412"]
[PlyCount "69"]
[EventDate "2006.07.24"]

1. e4 {0} 1... e5 2. Nf3 Nc6 3. Bc4 Bc5 4. c3 Nf6 5. d3 a6 6. Nbd2 Ba7 7. h3
O-O 8. Bb3 h6 9. Nf1 d5 10. Qe2 Re8 11. g4 Be6 12. g5 dxe4 13. dxe4 Nh5 14.
gxh6 g6 15. Rg1 Bxb3 16. axb3 Qd7 17. Ng3 Nf4 18. Bxf4 exf4 19. Nh5 Qe7 20.
O-O-O Kh8 21. Nxf4 Qxe4 22. Qxe4 Rxe4 23. Nd5 Bxf2 24. Rgf1 Re2 25. Rd2 Rxd2
26. Nxd2 Ne5 27. Nc4 Bg3 28. Nxe5 Bxe5 29. Rxf7 Rd8 30. Nxc7 Kg8 31. Ne6 Re8
32. Ng5 b5 33. b4 Kh8 34. Kc2 Bg3 35. Rh7+ 1-0

[Event "Copa Mercosur"]
[Site "Villa Martelli"]
[Date "2006.07.26"]
[Round "3"]
[White "Liascovich, Lucas"]
[Black "COMP ZAP!Chess"]
[Result "1/2-1/2"]
[WhiteElo "2395"]
[BlackElo "2600"]
[Annotator "Roberto G Alvarez"]
[PlyCount "94"]
[EventDate "2006.07.24"]

1. d4 {0} 1... d5 {0} 2. c4 {103} 2... e6 {0} 3. Nc3 {9} 3... Nf6 {0} 4. cxd5 {
53} 4... exd5 {0} 5. Bf4 {14} 5... Bd6 {280} (5... Be7 6. e3 O-O 7. Bd3 c5 8.
dxc5 Bxc5 9. Nge2 Nc6 10. h3 (10. Rc1 d4 $11) 10... Qe7 11. O-O Rd8 12. Nd4 $6
Ne5 $1 $11 {1-0 Heemskerk,F-Kushnir,A/Subotica 4/617 1967/[Maric,R] (30)}) 6.
Bg3 {73} 6... Nc6 {492} (6... O-O 7. e3 Bf5 (7... Ne4 8. Nxe4 dxe4 9. Ne2 Be6
10. Bxd6 Qxd6 11. Nf4 Rd8 12. Qc2 Qb4+ 13. Qc3 Qxc3+ 14. bxc3 Rd6 15. Be2 Nd7
16. O-O Nf6 17. c4 b6 18. a4 c5 19. a5 cxd4 20. exd4 Rc8 21. axb6 axb6 22. Nxe6
fxe6 23. Ra6 Rxd4 24. Rxb6 Rd2 25. Re1 Kf7 26. Rb7+ Kg6 27. Re7 Rc6 28. Kf1 Nd7
29. Rd1 Rxd1+ 30. Bxd1 Kf6 31. Rxd7 {
1-0 Nevednichy,V-Woerl,R/Bad Woerishofen 2002 (31)}) 8. Nf3 c6 9. Nh4 Bg6 10.
Nxg6 hxg6 11. Bd3 Re8 12. Qf3 Qe7 13. Bxd6 Qxd6 14. h4 c5 15. h5 gxh5 16. dxc5
Qxc5 17. Rxh5 Nxh5 18. Qxh5 Rd8 19. Ke2 Nc6 20. Rh1 Kf8 21. Qg5 Ke8 22. Nb5 Ne7
23. Qxg7 Kd7 24. Qg4+ f5 25. Bxf5+ Nxf5 26. Rh7+ Kc6 27. Rc7+ Kxb5 28. a4+ Kb6
29. Rxc5 Kxc5 30. b4+ Kd6 31. Qxf5 Rac8 32. Qf4+ Ke6 33. Qg4+ Kd6 34. Qg6+ Kc7
35. Qg3+ Kb6 36. Qg5 Rd6 37. Qe5 Rcd8 38. Qd4+ Kc7 39. Qxa7 d4 40. Qc5+ Kb8 41.
exd4 Rxd4 42. Qe5+ Kc8 43. g4 Rd2+ 44. Kf1 R8d5 45. Qe6+ Kb8 46. Kg2 {
1-0 Efimov,I-Galdunts,S/URS 1988/EXT 2004 (46)}) 7. e3 {32} 7... Bf5 {202} (
7... O-O 8. Nf3 Re8 9. Rc1 Bg4 10. Be2 Ne4 11. Bxd6 Qxd6 12. O-O Rad8 13. Nxe4
dxe4 14. Nd2 Bxe2 15. Qxe2 Re6 16. Rc5 b6 17. Rg5 h6 18. Rb5 Na5 19. Nc4 Nxc4
20. Qxc4 c6 21. Rb3 Qd5 {1/2-1/2 Funke,M-Seegers,H/Germany 1994/GER (21)}) 8.
Bd3 {76} 8... Bxd3 {148} 9. Qxd3 {20} 9... O-O {197} 10. Nge2 {99} 10... Re8 {
208} 11. O-O {35} 11... Bxg3 {288} 12. Nxg3 {27} 12... Qd7 {118} 13. Rac1 {227}
13... Nd8 {147} 14. b4 {120} 14... a6 {142} 15. Rc2 {205} 15... Ne6 {190} 16.
a4 {158} 16... c6 {130} 17. Rfc1 {0} 17... Qd6 {121} 18. Rb1 {13} 18... Ng5 {
122} 19. Nf5 {90} 19... Qe6 {117} 20. Ng3 {63} 20... Nge4 {46} 21. Ncxe4 {103}
21... dxe4 {87} 22. Qb3 {106} 22... Qxb3 {85} 23. Rxb3 {12} 23... Kf8 {67} 24.
h3 {62} 24... g6 {83} 25. Ne2 {11} 25... h5 {90} 26. Nc3 {23} 26... Ke7 {79}
27. Nb1 {116} 27... Kd6 {90} 28. Nc3 {26} 28... g5 {44} 29. g3 {107} 29... Rac8
{112} 30. Kg2 {24} 30... h4 {43} 31. g4 {35} 31... Rc7 {72} 32. Rb1 {20} 32...
Rcc8 {70} 33. Rb3 {12} 33... Nd5 {69} 34. Nxd5 {167} 34... cxd5 {67} 35. Rbc3 {
13} 35... Rc6 {48} 36. Rc5 {266} 36... Rf8 {66} 37. Rc1 {149} 37... f5 {65} 38.
gxf5 {58} 38... Rxf5 {63} 39. Rxc6+ {247} 39... bxc6 {0} 40. Rc5 {11} 40... Rf7
{47} 41. b5 {56} 41... axb5 {62} 42. axb5 {11} 42... cxb5 {45} 43. Rxb5 {10}
43... Rf5 {45} 44. Rb6+ {15} 44... Ke7 {39} 45. Rb7+ {11} 45... Ke6 {59} 46.
Rb6+ {9} 46... Ke7 {44} 47. Rb7+ {14} 47... Ke6 {57} 1/2-1/2

[Event "Copa Mercosur"]
[Site "Villa Martelli"]
[Date "2006.07.26"]
[Round "3"]
[White "Rodriguez, Andres"]
[Black "Rojas Keim, Luis"]
[Result "1-0"]
[WhiteElo "2511"]
[BlackElo "2464"]
[PlyCount "81"]
[EventDate "2006.07.24"]

1. e4 e6 2. d4 d5 3. Nd2 c5 4. Ngf3 cxd4 5. exd5 Qxd5 6. Bc4 Qd6 7. O-O Nf6 8.
Nb3 Nc6 9. Re1 Be7 10. Nbxd4 O-O 11. c3 Nxd4 12. Nxd4 Rd8 13. Qf3 Nd5 14. Bb3
Bf6 15. Qe4 Ne7 16. Bf4 Qb6 17. Be3 Qa6 18. Bc2 Ng6 19. Nb3 Be7 20. Bc5 Bxc5
21. Nxc5 Qb6 22. Rad1 Rf8 23. b4 a5 24. h4 axb4 25. cxb4 Rxa2 26. h5 Rxc2 27.
Qxc2 Nf4 28. h6 gxh6 29. Ne4 f5 30. Nd6 Qc6 31. Qxc6 bxc6 32. Rd4 Rd8 33. Nxf5
Rxd4 34. Nxd4 Bd7 35. Re4 Nd5 36. Nxe6 Kf7 37. Nd8+ Kf6 38. Rc4 Ne7 39. Rd4 Nd5
40. b5 Ke5 41. bxc6 1-0

[Event "Copa Mercosur"]
[Site "Villa Martelli"]
[Date "2006.07.26"]
[Round "3"]
[White "Slipak, Sergio"]
[Black "Prasca Sosa, Raphael"]
[Result "1/2-1/2"]
[WhiteElo "2463"]
[BlackElo "2442"]
[PlyCount "26"]
[EventDate "2006.07.24"]

1. d4 d5 2. c4 c6 3. Nf3 Nf6 4. Nc3 e6 5. Bg5 h6 6. Bxf6 Qxf6 7. e3 Nd7 8. Bd3
dxc4 9. Bxc4 g6 10. O-O Bg7 11. b4 O-O 12. Qb3 e5 13. Rad1 exd4 1/2-1/2

[Event "Copa Mercosur"]
[Site "Villa Martelli"]
[Date "2006.07.26"]
[Round "3"]
[White "Stamenkovic, Dragan"]
[Black "Alonso, Salvador"]
[Result "0-1"]
[WhiteElo "2393"]
[BlackElo "2441"]
[PlyCount "54"]
[EventDate "2006.07.24"]

1. d4 d5 2. Bg5 g6 3. Nf3 Bg7 4. e3 Nf6 5. Bd3 O-O 6. O-O c6 7. Nbd2 Nbd7 8. c4
dxc4 9. Nxc4 Nb6 10. Na5 Qd5 11. Qe1 c5 12. e4 Qd7 13. e5 Nh5 14. Rd1 cxd4 15.
Qb4 Nd5 16. Qxd4 h6 17. Bc1 Nb6 18. Qc5 Qe8 19. h3 Bd7 20. g4 Rc8 21. Qd4 Rd8
22. Nxb7 Rb8 23. Nc5 Bc6 24. Be2 Qc8 25. Kh2 Bxf3 26. Bxf3 Qc7 27. Rde1 Rbd8
0-1

[Event "Copa Mercosur"]
[Site "Villa Martelli"]
[Date "2006.07.26"]
[Round "3"]
[White "Valerga, Diego"]
[Black "Needleman, Gaston"]
[Result "1-0"]
[WhiteElo "2470"]
[BlackElo "2435"]
[PlyCount "71"]
[EventDate "2006.07.24"]

1. e4 c5 2. Nf3 e6 3. c3 Nf6 4. e5 Nd5 5. d4 cxd4 6. cxd4 d6 7. exd6 Bd7 8. Nc3
Bc6 9. Bd3 Bxd6 10. O-O Nd7 11. Re1 O-O 12. Qe2 Qc7 13. Ne4 N7f6 14. Bg5 Nxe4
15. Qxe4 g6 16. Qh4 f6 17. Bd2 Rae8 18. Qg4 Qf7 19. Bh6 g5 20. h4 Nf4 21. Bc4
Kh8 22. Bxf8 h5 23. Qf5 Qxf8 24. Bxe6 Bxf3 25. gxf3 Qg7 26. Kh1 Rf8 27. Rac1
gxh4 28. Rg1 Qh6 29. Rc8 Rxc8 30. Bxc8 Ne2 31. Qg6 Qxg6 32. Rxg6 Nxd4 33. Rxf6
Be5 34. Rh6+ Kg7 35. Rxh5 Bf6 36. Bxb7 1-0